LEADER 01407nam a2200301 u 4500 001 000000015811 003 CaOOAMICUS 005 20070226105925.0 008 940907s1948 it u000 u ita u 035 $a10369743 040 $aBAV$bita 100 1 $aPetrocchi, Massimo,$d1918-$0(OLS)http://pul/name/5963 245 13$aIl quietismo italiano del Seicento /$cMassimo Petrocchi. 260 $aRoma :$bEdizioni di Storia e Letteratura,$c1948. 300 $a213 p. ;$c26 cm 490 1 $aStoria e letteratura (Edizioni di storia e letteratura) ;$v20 504 $aContiene indicazioni bibliografiche. 650 4$aQuietismo.$0(OLS)http://pul/subject/11134 650 4$aSpiritualitą$zItalia$ySec. XVII.$0(OLS)http://pul/subject/11135 830 0$aStoria e letteratura (Edizioni di storia e letteratura) ;$v20.$0(OLS)http://pul/title/1028 850 $aPUL 852 $aPUL$W1$xDP1 Fondo Maccarrone$y58$m1526 A 21$j22229$nBK-PRI$b $qFondi$B22229$CPULBib$Z2$F22229 $H $81 852 $aPUL$W1$xDP1 Cons. Gen., Altre Classi 1$y22$m1039 G 1.20$j178624$qStampati$B181790$CPULBib$Z2$F181790 $H13127 $81 941 1 $a1 941 1 $a8 961 $aINV: F.Maccarrone 996 $6245$aIl quietismo italiano del Seicento$9(OLS)http://pul/title/22636 996 $6260$aRoma :$bEdizioni di Storia e Letteratura$9(OLS)http://pul/publisher/48123 LEADER 01252nam a2200277 u 4500 001 000000016842 003 CaOOAMICUS 005 20150116133244.0 008 940517s1961 gb u000 u eng u 035 $a10394237 040 $aPUL$bita 100 1 $aUllmann, Walter,$d1910-1983.$0(OLS)http://pul/name/57 245 10$aPrinciples of government and politics in the Middle Ages /$cWalter Ullmann. 260 $aLondon :$bMethuen,$cc1961. 300 $a320 p.$c22 cm 504 $aContains bibliographical references. 650 0$aMiddle Ages$xHistory.$2//eng$0(OLS)http://pul/subject/939 650 0$aLaw, Medieval.$2//eng$0(OLS)http://pul/subject/11548 850 $aPUL 852 $aPUL$W1$xDP1 Fondo Maccarrone$y58$m1503 F 7$j23719$nBK-PRI$b $qFondi$B23719$CPULBib$Z2$F23719 $H $81 852 $aPUL$W1$xDP1 Fondo Capitani$y116$m4 B 8$j115121$qFondi$B162870$CPULBib$Z2$F162870 $HCap868 $82 941 1 $a1 961 $aINV: 01042 -- Fondo Mons. M. Macccarrone 961 $aNota ms. di possesso : Capitani 996 $6245$aPrinciples of government and politics in the Middle Ages$9(OLS)http://pul/title/24062 996 $6260$aLondon :$bMethuen$9(OLS)http://pul/publisher/55163